000 00480nam a2200181zi 4500
999 _c20429
_d48427
005 20180726042342.0
037 _aBC_669 24
_faut
040 _aBC-ENSA
_bfre
041 _afre
100 _aPRICE, Monica
_919192
245 _aRoches et minéraux
260 _aParis
_bLarousse
_c2005
300 _a224 p.
_bill.
_c19 cm
562 _e01 exemplaire
942 _c09
490 _a1732
653 _aROCHE/MINERAUX/AGRICULTURE